| 000 | 00635nam a2200193Ii 4500 | ||
|---|---|---|---|
| 003 | JO-AjNU | ||
| 008 | 230605s9999||||xx |||||||||||||| ||und|| | ||
| 040 |
_aJO-AjNU _bara _erda _cJO-AjNU |
||
| 041 | _aara | ||
| 050 | 1 | 4 | _aLB1050.S6 1956 |
| 100 | 3 |
_aفارس، عكاش مؤلف/كوراني، حبيب أمين مشرف, _eauthor _936083 |
|
| 245 | 0 | 0 | _aتعليم مبادئ القراءة |
| 264 | 3 | 1 | _aبيروت:المؤسسة الأهلية،1956 |
| 300 | _a174ص | ||
| 336 |
_atext _btxt _2rdacontent |
||
| 337 |
_aunmediated _bn _2rdamedia |
||
| 338 |
_avolume _bnc _2rdacarrier |
||
| 650 | 4 |
_a قراءة-تعليم _936084 |
|
| 999 |
_aA14959 _c18527 _d18527 |
||